10 Największych Miast Województwa Pomorskiego - Statystyki

Ogólne statystyki
  • Ten quiz został rozwiązany 3 122 razy
  • Średni wynik to 7 z 10
Statystyki odpowiedzi
Lp. Liczba Ludności Miasto % Poprawnych
1. 466,631 Gdańsk
100%
2. 246,309 Gdynia
99%
3. 91,007 Słupsk
79%
4. 60,279 Tczew
70%
5. 49,789 Wejherowo
68%
9. 38,570 Malbork
64%
8. 39,904 Chojnice
57%
7. 47,776 Starogard Gdański
57%
6. 49,031 Rumia
56%
10. 38,481 Kwidzyn
42%
Nie znaleziono quizów pasujących do podanych kryteriów
Rozkład punktacji
Procent ludzi z każdym wynikiem
Percentyl według liczby udzielonych odpowiedzi
Twoja historia wyników
Nie rozwiązałeś tego quizu